[Event "Titled Tuesday intern op 21st Jan Late"]
[Site "Chess.com INT"]
[Date "2025.01.21"]
[Round "6"]
[White "Bian, Erin"]
[Black "Haussernot, Cecile"]
[Result "1-0"]
[WhiteElo "2091"]
[BlackElo "2108"]
[PlyCount "127"]
[EventDate "2025.01.21"]
[EventType "swiss (blitz)"]
[EventRounds "11"]
[EventCountry "USA"]
[SourceTitle "CB05_2025"]
[SourceDate "2025.01.29"]
[SourceVersion "1"]
[SourceVersionDate "2025.01.29"]
[SourceQuality "1"]

1. e4 e5 2. Nf3 Nf6 3. Nxe5 d6 4. Nf3 Nxe4 5. c4 Nc6 6. d4 d5 7. Bd3 Bb4+ 8. Nbd2 Nxd2 9. Bxd2 Bxd2+ 10. Qxd2 dxc4 11. Bxc4 Bg4 12. Bxf7+ Kxf7 13. Qf4+ Qf6 14. Qxg4 Rhe8+ 15. Kf1 Rad8 16. Rd1 Rd5 17. h4 Red8 18. Ng5+ Kg8 19. Qe4 Rf5 20. Nf3 Rf4 21. Qe3 Nxd4 22. Nxd4 Rfxd4 23. Rxd4 Qxd4 24. Qxd4 Rxd4 25. Ke2 Rb4 26. b3 Re4+ 27. Kd3 Re6 28. g3 Kf7 29. Rc1 Rd6+ 30. Ke3 Re6+ 31. Kd3 Rd6+ 32. Ke3 c6 33. Rc4 Rd5 34. Rf4+ Ke7 35. Re4+ Kf6 36. Re8 Re5+ 37. Rxe5 Kxe5 38. g4 c5 39. f4+ Kd5 40. h5 b5 41. Kd3 a5 42. f5 Ke5 43. Kc3 Kf4 44. a4 bxa4 45. bxa4 Kxg4 46. h6 gxh6 47. f6 h5 48. f7 h4 49. f8Q h3 50. Qg7+ Kf3 51. Qxh7 Kg2 52. Kc4 h2 53. Qg6+ Kh1 54. Qh5 Kg1 55. Qxh2+ Kxh2 56. Kxc5 Kg3 57. Kb5 Kf4 58. Kxa5 Ke5 59. Kb6 Kd6 60. Kb7 Kd7 61. a5 Kd6 62. a6 Kc5 63. a7 Kb5 64. a8Q 1-0

[Event "Titled Tuesday intern op 21st Jan Late"]
[Site "Chess.com INT"]
[Date "2025.01.21"]
[Round "1"]
[White "Bian, Erin"]
[Black "Volkov, Sergey"]
[Result "0-1"]
[WhiteElo "2091"]
[BlackElo "2397"]
[PlyCount "160"]
[EventDate "2025.01.21"]
[EventType "swiss (blitz)"]
[EventRounds "11"]
[EventCountry "USA"]
[SourceTitle "CB05_2025"]
[SourceDate "2025.01.29"]
[SourceVersion "1"]
[SourceVersionDate "2025.01.29"]
[SourceQuality "1"]

1. e4 e6 2. d4 d5 3. Nc3 Nf6 4. e5 Nfd7 5. f4 c5 6. Nf3 Nc6 7. Be3 Rb8 8. Qd2 Qa5 9. Be2 b5 10. 0-0 b4 11. Nd1 Ba6 12. c3 Bxe2 13. Qxe2 bxc3 14. bxc3 Qb5 15. Qxb5 Rxb5 16. Nf2 c4 17. Rfb1 Rb6 18. a4 Be7 19. Rb5 0-0 20. Rab1 Rfb8 21. Nd2 a6 22. Rxb6 Rxb6 23. Nd1 Rxb1 24. Nxb1 Nb6 25. Nb2 Na5 26. Kf2 Nb3 27. Ke2 h5 28. Kd1 Kh7 29. Kc2 Kg6 30. h3 h4 31. Nd2 Nxd2 32. Bxd2 Kf5 33. a5 Nd7 34. Nd1 Nb8 35. Ne3+ Ke4 36. Ng4 Nc6 37. Kd1 Nxa5 38. Ke2 Nb3 39. Nf2+ Kf5 40. Be3 a5 41. Kd1 a4 42. Kc2 g5 43. fxg5 Bxg5 44. Bxg5 Kxg5 45. Ng4 a3 46. Kb1 Nd2+ 47. Ka2 Ne4 48. Kxa3 Nxc3 49. Kb2 Ne2 50. Kc2 Nxd4+ 51. Kd2 Nc6 52. Kc3 Kf4 53. Nh6 Nxe5 54. Kd4 Nc6+ 55. Kc3 f5 56. Nf7 e5 57. Nd6 e4 58. Kd2 Ke5 59. Nf7+ Kf6 60. Nd6 Ke6 61. Nb5 d4 62. Nc7+ Ke5 63. Ne8 c3+ 64. Kc2 Nb4+ 65. Kc1 d3 66. Nc7 Na2+ 67. Kb1 c2+ 68. Kxa2 c1Q 69. Nb5 Qc2+ 70. Ka3 Qxg2 71. Nc3 Qxh3 72. Kb3 Qg4 73. Na2 Qg8+ 74. Ka3 Qxa2+ 75. Kb4 h3 76. Kc3 h2 77. Kb4 h1Q 78. Kc3 Qc1+ 79. Kb4 Qab2+ 80. Ka4 Qca1# 0-1

[Event "Titled Tuesday intern op 21st Jan Late"]
[Site "Chess.com INT"]
[Date "2025.01.21"]
[Round "11"]
[White "Ristic, Nebojsa M"]
[Black "Bian, Erin"]
[Result "1/2-1/2"]
[WhiteElo "2248"]
[BlackElo "2091"]
[PlyCount "189"]
[EventDate "2025.01.21"]
[EventType "swiss (blitz)"]
[EventRounds "11"]
[EventCountry "USA"]
[SourceTitle "CB05_2025"]
[SourceDate "2025.01.29"]
[SourceVersion "1"]
[SourceVersionDate "2025.01.29"]
[SourceQuality "1"]

1. d4 Nf6 2. Bf4 e6 3. e3 c5 4. Nf3 d5 5. Nbd2 Bd6 6. Bg3 0-0 7. c3 Qc7 8. dxc5 Qxc5 9. Bd3 Nbd7 10. e4 dxe4 11. Nxe4 Nxe4 12. Bxe4 Bxg3 13. hxg3 Nf6 14. Qc2 Nxe4 15. Qxe4 Qf5 16. Qxf5 exf5 17. 0-0-0 Be6 18. Nd4 Rfd8 19. Rhe1 Rd6 20. Nxe6 Rxe6 21. Rxe6 fxe6 22. Rd7 b6 23. Re7 Kf8 24. Rxe6 Kf7 25. Re5 Kf6 26. f4 Rd8 27. Kc2 Rd7 28. a4 g5 29. b4 gxf4 30. gxf4 Rg7 31. Re2 Rg4 32. Rf2 Ke6 33. Kd3 Kd5 34. c4+ Kd6 35. Kd4 Rg3 36. c5+ bxc5+ 37. bxc5+ Kc6 38. Re2 Ra3 39. Re6+ Kc7 40. Kd5 Rxa4 41. Re7+ Kd8 42. Rxh7 Rxf4 43. Rxa7 Rf2 44. Rg7 Rd2+ 45. Ke6 Rc2 46. Kd6 Rd2+ 47. Kc6 f4 48. Rg4 Rf2 49. Kd6 Rd2+ 50. Ke5 Rc2 51. Kd4 Rd2+ 52. Kc3 Rf2 53. Rg7 f3 54. gxf3 Rxf3+ 55. Kc4 Rf6 56. Kb5 Kc8 57. Rh7 Rg6 58. Kc4 Rg4+ 59. Kd5 Rg6 60. Re7 Rh6 61. Ra7 Rg6 62. Kc4 Rh6 63. Kb5 Rg6 64. Ra3 Rh6 65. Rb3 Rg6 66. Ka5 Rh6 67. Rb6 Rh5 68. Kb5 Rh1 69. Rg6 Rh7 70. Kb6 Rb7+ 71. Kc6 Rc7+ 72. Kd5 Rd7+ 73. Rd6 Rh7 74. Ra6 Rd7+ 75. Kc4 Rh7 76. Rf6 Re7 77. Kd5 Rh7 78. c6 Rh5+ 79. Kd6 Rh8 80. Rf7 Rh6+ 81. Kc5 Rh1 82. Rf8+ Kc7 83. Rf7+ Kc8 84. Rf5 Rg1 85. Kd6 Rd1+ 86. Ke6 Re1+ 87. Kd6 Rd1+ 88. Rd5 Rxd5+ 89. Kxd5 Kc7 90. Kc5 Kc8 91. Kb6 Kb8 92. Kb5 Kc7 93. Kc5 Kc8 94. Kd5 Kc7 95. Kc5 1/2-1/2

[Event "Speed Chess (Women) Play In 3"]
[Site "Chess.com INT"]
[Date "2024.08.15"]
[Round "8"]
[White "Lesbekova, Asel"]
[Black "Bian, Erin"]
[Result "0-1"]
[WhiteElo "1903"]
[BlackElo "2067"]
[PlyCount "96"]
[EventDate "2024.08.15"]
[EventType "swiss (blitz)"]
[EventRounds "11"]
[EventCountry "USA"]
[SourceTitle "CBM 221 Extra"]
[Source "ChessBase"]
[SourceDate "2024.09.30"]
[SourceVersion "1"]
[SourceVersionDate "2024.09.30"]
[SourceQuality "1"]

1. e4 e5 2. Nf3 Nc6 3. Nc3 Nf6 4. d4 exd4 5. Nxd4 Bb4 6. Nxc6 bxc6 7. Qd4 c5 8. Qe5+ Qe7 9. Qxe7+ Kxe7 10. Bg5 h6 11. Bxf6+ Kxf6 12. Kd2 Bb7 13. f3 Rad8 14. a3 Bxc3+ 15. Kxc3 Rhe8 16. Bc4 c6 17. Rhe1 d5 18. Bd3 c4 19. Bf1 Ba6 20. Rad1 Re5 21. b3 Rde8 22. bxc4 dxe4 23. Rd6+ R8e6 24. Rxe6+ Rxe6 25. Rxe4 Rxe4 26. fxe4 Ke5 27. Kd3 c5 28. Ke3 Bb7 29. Bd3 Bc6 30. c3 g6 31. g4 g5 32. h3 Bb7 33. Bc2 a5 34. Bd3 Bc6 35. Bc2 Bd7 36. Bd1 Be6 37. Bb3 f6 38. Kd3 Kf4 39. Ba2 Kg3 40. e5 fxe5 41. Ke4 Kxh3 42. Kxe5 Bxg4 43. Kd5 Bf3+ 44. Kxc5 g4 45. Bb1 g3 46. Bf5+ Kh2 47. Be6 g2 48. Bd5 g1Q+ 0-1

[Event "Speed Chess (Women) Play In 3"]
[Site "Chess.com INT"]
[Date "2024.08.15"]
[Round "3"]
[White "Tokhirjonova, Gulruhbegim"]
[Black "Bian, Erin"]
[Result "1-0"]
[WhiteElo "2380"]
[BlackElo "2067"]
[PlyCount "85"]
[EventDate "2024.08.15"]
[EventType "swiss (blitz)"]
[EventRounds "11"]
[EventCountry "USA"]
[SourceTitle "CBM 221 Extra"]
[Source "ChessBase"]
[SourceDate "2024.09.30"]
[SourceVersion "1"]
[SourceVersionDate "2024.09.30"]
[SourceQuality "1"]

1. e4 e5 2. Nf3 Nc6 3. Bb5 a6 4. Ba4 Nf6 5. d3 b5 6. Bb3 Bc5 7. c3 d6 8. 0-0 h6 9. d4 Bb6 10. Be3 exd4 11. cxd4 Bg4 12. Qc2 Qd7 13. Nbd2 Na5 14. e5 Nxb3 15. axb3 Nd5 16. exd6 cxd6 17. Rfe1 0-0 18. Qe4 Qf5 19. h3 Qxe4 20. Nxe4 Bxf3 21. gxf3 Rfd8 22. Rec1 f5 23. Nc3 Nb4 24. d5 Bxe3 25. fxe3 Nd3 26. Rc2 Nc5 27. b4 Nd3 28. Ne2 Nxb4 29. Rd2 Rac8 30. Rd4 Nc2 31. Rxa6 Nxd4 32. Nxd4 Rc1+ 33. Kf2 Rb1 34. b3 Rb2+ 35. Kg3 Kf7 36. Nxf5 Rxb3 37. Nxd6+ Ke7 38. Nf5+ Kf7 39. e4 g6 40. Ra7+ Kf6 41. Ra6+ Kg5 42. h4+ Kh5 43. Ng7# 1-0

[Event "Speed Chess (Women) Play In 3"]
[Site "Chess.com INT"]
[Date "2024.08.15"]
[Round "5"]
[White "Zhukova, Natalia"]
[Black "Bian, Erin"]
[Result "1-0"]
[WhiteElo "2302"]
[BlackElo "2067"]
[PlyCount "55"]
[EventDate "2024.08.15"]
[EventType "swiss (blitz)"]
[EventRounds "11"]
[EventCountry "USA"]
[SourceTitle "CBM 221 Extra"]
[Source "ChessBase"]
[SourceDate "2024.09.30"]
[SourceVersion "1"]
[SourceVersionDate "2024.09.30"]
[SourceQuality "1"]

1. c4 e5 2. Nc3 Bb4 3. Nd5 a5 4. Nf3 d6 5. a3 Bc5 6. d4 exd4 7. Nxd4 c6 8. Nc3 Qf6 9. e3 Ne7 10. Bd3 Bxd4 11. exd4 Qxd4 12. 0-0 Bg4 13. Qc2 Nd7 14. Be3 Qf6 15. Ne4 Qe6 16. Ng5 Qf6 17. f3 Bf5 18. Rad1 Ne5 19. Bxf5 Nxf5 20. Ne4 Qe6 21. Bb6 Ra6 22. Bf2 Nxc4 23. Rfe1 0-0 24. Nc5 Qc8 25. Nxa6 Nb6 26. Nc7 Qxc7 27. Qxf5 Nd5 28. Qc2 1-0

[Event "Pan American-ch U16 Girls 34th"]
[Site "Orlando"]
[Date "2024.07.19"]
[Round "7"]
[White "Mayorga Araya, Sofia"]
[Black "Bian, Erin"]
[Result "1-0"]
[WhiteElo "1948"]
[BlackElo "2163"]
[PlyCount "143"]
[EventDate "2024.07.15"]
[EventType "swiss"]
[EventRounds "9"]
[EventCountry "USA"]
[SourceTitle "EXT 2025"]
[Source "ChessBase"]
[SourceDate "2024.10.14"]
[SourceVersion "1"]
[SourceVersionDate "2024.10.14"]
[SourceQuality "1"]
[WhiteTeam "CRC"]
[BlackTeam "USA"]

1. e4 e5 2. Nf3 Nc6 3. Bb5 a6 4. Ba4 Nf6 5. Qe2 b5 6. Bb3 Bc5 7. c3 0-0 8. 0-0 Re8 9. h3 d5 10. d3 h6 11. Rd1 Bf8 12. Nbd2 Na5 13. Bc2 c5 14. Nf1 Nc6 15. g4 d4 16. Ng3 g6 17. g5 hxg5 18. Nxg5 Qd6 19. Kh2 dxc3 20. bxc3 b4 21. Bb3 Ra7 22. cxb4 cxb4 23. Be3 Nd4 24. Bxd4 Qxd4 25. Qf3 Bg7 26. Rac1 Rf8 27. Rc6 Qd8 28. Kg2 a5 29. Qe3 Rd7 30. Nf3 Rd6 31. Rxd6 Qxd6 32. Rc1 Qd7 33. Ng1 Ba6 34. Qb6 Qxd3 35. Rc6 a4 36. Bc2 Qb5 37. Qxa6 Qxa6 38. Rxa6 b3 39. axb3 axb3 40. Bxb3 Rb8 41. Ba2 Rb7 42. Nf3 Re7 43. Ng5 Kf8 44. Ra8+ Ne8 45. Bb3 Bh6 46. Nf3 Kg7 47. Ra5 f6 48. h4 Bf4 49. h5 Nd6 50. Bd5 f5 51. exf5 Bxg3 52. fxg3 gxh5 53. Be6 Kf6 54. Rxe5 Rc7 55. Rd5 Ne4 56. Rd7 Rc2+ 57. Kh3 Ng5+ 58. Nxg5 Kxg5 59. Rg7+ Kh6 60. Rg6+ Kh7 61. Kh4 Rc7 62. Kg5 Rc5 63. Kxh5 Ra5 64. g4 Kh8 65. g5 Rxf5 66. Bxf5 Kh7 67. Kg4 Kh8 68. Kf4 Kh7 69. Ke5 Kh8 70. Kf6 Kh7 71. Kf7 Kh8 72. Rh6# 1-0

[Event "Pan American-ch U16 Girls 34th"]
[Site "Orlando"]
[Date "2024.07.15"]
[Round "1"]
[White "Vikas, Hema"]
[Black "Bian, Erin"]
[Result "1-0"]
[WhiteElo "1748"]
[BlackElo "2163"]
[PlyCount "97"]
[EventDate "2024.07.15"]
[EventType "swiss"]
[EventRounds "9"]
[EventCountry "USA"]
[SourceTitle "EXT 2025"]
[Source "ChessBase"]
[SourceDate "2024.10.14"]
[SourceVersion "1"]
[SourceVersionDate "2024.10.14"]
[SourceQuality "1"]

1. e4 e5 2. Nf3 Nc6 3. Bb5 a6 4. Ba4 Nf6 5. 0-0 b5 6. Bb3 Bc5 7. c3 d6 8. d4 Bb6 9. dxe5 Nxe5 10. Nxe5 dxe5 11. Qxd8+ Kxd8 12. Bg5 Ke8 13. a4 Bb7 14. Nd2 Nd7 15. axb5 axb5 16. Rxa8+ Bxa8 17. Kh1 f6 18. Bh4 h5 19. f3 Be3 20. Ra1 Ke7 21. Nf1 Bb6 22. Bc2 Rd8 23. Be1 c5 24. Bf2 Bb7 25. Be3 g6 26. Kg1 Ke6 27. Kf2 f5 28. Bg5 Nf6 29. exf5+ gxf5 30. Ng3 f4 31. Bf5+ Kf7 32. Nxh5 Rd2+ 33. Ke1 Rxg2 34. Bxf6 Rg1+ 35. Ke2 Rxa1 36. Bxe5 Ra2 37. c4 bxc4 38. Nxf4 Ba6 39. Kd2 Ra1 40. h4 Ba5+ 41. Bc3 Bxc3+ 42. Kxc3 Kf6 43. Be4 Rh1 44. Nd5+ Ke5 45. Nc7 Bc8 46. Kxc4 Rc1+ 47. Kd3 Bd7 48. h5 Rh1 49. f4+ 1-0

[Event "Redmond PNWCC Artist 2"]
[Site "Redmond"]
[Date "2023.08.30"]
[Round "2.4"]
[White "Bian, Erin"]
[Black "Novik, Maxim"]
[Result "0-1"]
[WhiteElo "2010"]
[BlackElo "2385"]
[PlyCount "156"]
[EventDate "2023.08.29"]
[EventType "schev"]
[EventRounds "10"]
[EventCountry "USA"]
[SourceTitle "CBM 216 Extra"]
[Source "ChessBase"]
[SourceDate "2023.11.30"]
[SourceVersion "1"]
[SourceVersionDate "2023.11.30"]
[SourceQuality "1"]
[WhiteTeam "Challengers"]
[BlackTeam "Masters"]
[WhiteTeamCountry "USA"]
[BlackTeamCountry "USA"]

1. e4 c5 2. Nf3 e6 3. d4 cxd4 4. Nxd4 a6 5. c4 Nf6 6. Nc3 Bb4 7. Qd3 d6 8. Be2 Nbd7 9. f3 Ne5 10. Qc2 Bd7 11. a3 Bc5 12. Be3 Rc8 13. Qb3 0-0 14. Nc2 Qc7 15. 0-0 Bxe3+ 16. Nxe3 Qc5 17. Ncd1 b5 18. cxb5 axb5 19. Nf2 d5 20. exd5 exd5 21. Rac1 Qxc1 22. Rxc1 Rxc1+ 23. Nf1 Re8 24. Nd3 Nxd3 25. Bxd3 Bc6 26. Kf2 Nd7 27. Qb4 Ne5 28. Qd2 Nxd3+ 29. Qxd3 b4 30. Qd2 Rc4 31. Ne3 bxa3 32. bxa3 Ra4 33. Nxd5 Bxd5 34. Qxd5 Rxa3 35. h3 h6 36. Kg1 Rae3 37. Qd7 Re1+ 38. Kh2 R1e2 39. Qb5 R8e6 40. Qc4 Rd2 41. Qc3 Rde2 42. Qc4 R2e5 43. Qc8+ Re8 44. Qc6 R5e6 45. Qd7 Re2 46. Qb5 R8e5 47. Qc4 h5 48. Qc8+ Re8 49. Qc5 g6 50. Qb5 R8e3 51. Qb8+ Kg7 52. Qa8 Rb3 53. Qa1+ Rbb2 54. Kg3 Rxg2+ 55. Kf4 Rge2 56. Qa4 Rb7 57. Qd4+ Kh7 58. Kg5 Rb5+ 59. Kh4 Rf5 60. Kg3 Re6 61. Qh4 Ref6 62. Kf2 Rxf3+ 63. Ke2 R6f5 64. Kd2 R5f4 65. Qg5 Rd4+ 66. Ke2 Rxh3 67. Qf6 Rd7 68. Kf2 Rhd3 69. Ke2 R3d5 70. Ke3 Rf5 71. Qh4 Re5+ 72. Kf2 Rde7 73. Kg2 R7e6 74. Kf2 Rf5+ 75. Kg2 Re2+ 76. Kg3 Ref2 77. Qh1 Kh6 78. Qc1+ g5 0-1

[Event "World op 51st"]
[Site "Philadelphia"]
[Date "2023.07.02"]
[Round "4"]
[White "Hernandez Perez, Pedro"]
[Black "Bian, Erin"]
[Result "1-0"]
[WhiteElo "2140"]
[BlackElo "1918"]
[PlyCount "125"]
[EventDate "2023.06.30"]
[EventType "swiss"]
[EventRounds "9"]
[EventCountry "USA"]
[SourceTitle "CBM 215 Extra"]
[Source "ChessBase"]
[SourceDate "2023.09.30"]
[SourceVersion "1"]
[SourceVersionDate "2023.09.30"]
[SourceQuality "1"]

1. c4 e5 2. Nc3 Bb4 3. g3 Bxc3 4. bxc3 d6 5. Bg2 Nc6 6. Rb1 Nge7 7. d3 0-0 8. Nf3 Rb8 9. e4 Be6 10. 0-0 h6 11. Qe2 f5 12. exf5 Bxf5 13. Nd2 Qd7 14. Ne4 b6 15. Bd2 Rbe8 16. f3 Ng6 17. h4 h5 18. Kh2 Nd8 19. Be3 c5 20. Rbd1 Nc6 21. Qd2 Na5 22. Ng5 Kh8 23. Bf2 Rb8 24. Ne4 Qe7 25. Rb1 a6 26. Rb2 Be6 27. Qe2 b5 28. Rfb1 Nc6 29. cxb5 axb5 30. Rxb5 Rxb5 31. Rxb5 Ra8 32. Rb2 Na5 33. Ng5 Bd5 34. c4 Bc6 35. f4 Kg8 36. Bxc6 Nxc6 37. Qe4 Qe8 38. Qd5+ Kh8 39. Nf7+ Kh7 40. Nxd6 Nce7 41. Qxc5 Qc6 42. f5 Nf8 43. Qxe5 Nc8 44. Bd4 Ra7 45. Nxc8 Rc7 46. Ne7 Qf6 47. Qxf6 gxf6 48. Nd5 Rf7 49. Nxf6+ Kh6 50. Be3+ Kg7 51. Nxh5+ Kh7 52. g4 Nd7 53. Rb7 Kh8 54. Kg2 Re7 55. Kf2 Rf7 56. a4 Re7 57. a5 Rf7 58. a6 Rf8 59. Rxd7 Ra8 60. Nf6 Ra7 61. Rd8+ Kg7 62. Nh5+ Kh7 63. Bxa7 1-0

[Event "PNWCC Online Blitz JP 23"]
[Site "Chess.com INT"]
[Date "2021.04.11"]
[Round "8"]
[White "Bian, Erin"]
[Black "Jiang, Andrew"]
[Result "0-1"]
[WhiteElo "1485"]
[BlackElo "1705"]
[PlyCount "138"]
[EventDate "2021.04.11"]
[EventType "swiss (blitz)"]
[EventRounds "12"]
[EventCountry "USA"]
[SourceTitle "CBM 201 Extra"]
[Source "ChessBase"]
[SourceDate "2021.05.31"]
[SourceVersion "1"]
[SourceVersionDate "2021.05.31"]
[SourceQuality "1"]

1. e4 e5 2. Nf3 Nc6 3. Bb5 a6 4. Ba4 Nf6 5. 0-0 Be7 6. Re1 b5 7. Bb3 d6 8. c3 0-0 9. h3 Na5 10. Bc2 c5 11. d4 Qc7 12. Nbd2 Rd8 13. a3 Bd7 14. Nb3 Nc6 15. d5 Nb8 16. Bg5 a5 17. Nbd2 Be8 18. Nf1 Nbd7 19. Ne3 h6 20. Bxf6 Nxf6 21. Nf5 Bf8 22. Qd2 Kh7 23. g4 g6 24. Ng3 Bg7 25. g5 hxg5 26. Nxg5+ Kg8 27. f4 exf4 28. Qxf4 Bd7 29. Kg2 Rf8 30. Qh4 Rae8 31. Rf1 Re5 32. Rxf6 Rxg5 33. Qxg5 Qd8 34. Raf1 Re8 35. h4 Re5 36. R6f5 Qxg5 37. Rxg5 Re7 38. h5 Bh6 39. hxg6 Bxg5 40. gxf7+ Rxf7 41. Rxf7 Kxf7 42. Kf3 Bc1 43. b4 axb4 44. axb4 Bd2 45. bxc5 dxc5 46. e5 Bxc3 47. Kf4 Ke7 48. d6+ Kd8 49. Bf5 Bxf5 50. Nxf5 Kd7 51. Kg5 Bxe5 52. Kg4 Bxd6 53. Kf3 Kc6 54. Ke3 Be5 55. Kd3 c4+ 56. Kc2 b4 57. Ne3 Kc5 58. Kc1 c3 59. Kc2 Bf4 60. Ng2 Bh6 61. Ne1 Kc4 62. Nd3 b3+ 63. Kb1 Kxd3 64. Ka1 Bc1 65. Kb1 b2 66. Ka2 c2 67. Ka3 b1Q+ 68. Ka4 Kc4 69. Ka5 Qb5# 0-1

[Event "PNWCC Online Blitz JP 23"]
[Site "Chess.com INT"]
[Date "2021.04.11"]
[Round "1"]
[White "Rychagov, Andrey"]
[Black "Bian, Erin"]
[Result "1-0"]
[WhiteElo "2545"]
[BlackElo "1485"]
[PlyCount "97"]
[EventDate "2021.04.11"]
[EventType "swiss (blitz)"]
[EventRounds "12"]
[EventCountry "USA"]
[SourceTitle "CBM 201 Extra"]
[Source "ChessBase"]
[SourceDate "2021.05.31"]
[SourceVersion "1"]
[SourceVersionDate "2021.05.31"]
[SourceQuality "1"]

1. d4 Nf6 2. c4 e6 3. Nf3 b6 4. a3 Bb7 5. Nc3 Be7 6. d5 0-0 7. e4 d6 8. Bd3 Nbd7 9. 0-0 a5 10. Rb1 Re8 11. b4 Bf8 12. Be3 exd5 13. cxd5 Ne5 14. Nxe5 Rxe5 15. Bd4 Re8 16. Bb5 Nxe4 17. Bxe8 Qxe8 18. Re1 Nxc3 19. Rxe8 Nxd1 20. Rxa8 Bxa8 21. bxa5 bxa5 22. Rxd1 Bxd5 23. Bxg7 Bxg7 24. Rxd5 Bc3 25. Rd1 a4 26. Rc1 Ba5 27. Rc4 d5 28. Rc5 Bb6 29. Rxd5 Kf8 30. Rd8+ Ke7 31. Ra8 c5 32. Rxa4 Kd6 33. Kf1 Kd5 34. Rh4 c4 35. Ke2 Bc5 36. a4 Bb4 37. a5 Bxa5 38. Rh5+ Kd4 39. Rxa5 Kc3 40. Ra7 Kb2 41. Rxf7 c3 42. Rxh7 c2 43. Rb7+ Ka1 44. Kd2 Ka2 45. Kxc2 Ka3 46. Kc3 Ka2 47. h4 Ka1 48. Kc2 Ka2 49. Ra7# 1-0

[Event "PNWCC Online Blitz JP 23"]
[Site "Chess.com INT"]
[Date "2021.04.11"]
[Round "10"]
[White "Vantika, Agrawal"]
[Black "Bian, Erin"]
[Result "1-0"]
[WhiteElo "2286"]
[BlackElo "1485"]
[PlyCount "151"]
[EventDate "2021.04.11"]
[EventType "swiss (blitz)"]
[EventRounds "12"]
[EventCountry "USA"]
[SourceTitle "CBM 201 Extra"]
[Source "ChessBase"]
[SourceDate "2021.05.31"]
[SourceVersion "1"]
[SourceVersionDate "2021.05.31"]
[SourceQuality "1"]

1. d4 Nf6 2. c4 e6 3. g3 d5 4. Bg2 dxc4 5. Nf3 Be7 6. 0-0 0-0 7. Qc2 a6 8. a4 c5 9. dxc5 Bxc5 10. Nbd2 Nc6 11. Nxc4 Qe7 12. Bd2 Rd8 13. Bc3 Nd5 14. Rfd1 Nxc3 15. Qxc3 f6 16. Rxd8+ Qxd8 17. e3 e5 18. Ncxe5 fxe5 19. Qxc5 Qf6 20. Nd2 Bf5 21. Ne4 Bxe4 22. Bxe4 Rf8 23. Rf1 h6 24. f4 Qd8 25. Qc4+ Kh8 26. Bc2 Qd6 27. Qe4 g6 28. Rd1 Qf6 29. Qxg6 Qxg6 30. Bxg6 exf4 31. exf4 Kg7 32. Be4 Rf7 33. Kf2 Re7 34. Bxc6 bxc6 35. Rd4 Rb7 36. Rd2 Rb4 37. Rc2 Rxa4 38. Rxc6 Ra2 39. Rb6 a5 40. Kf3 a4 41. h4 a3 42. bxa3 Rxa3+ 43. Kg4 h5+ 44. Kh3 Rc3 45. Rb5 Kg6 46. Rg5+ Kh6 47. f5 Rf3 48. Kg2 Rc3 49. Kf2 Rc2+ 50. Kf3 Rc3+ 51. Kf4 Rc4+ 52. Ke5 Rc5+ 53. Ke6 Rc6+ 54. Kd5 Ra6 55. Rg6+ Rxg6 56. fxg6 Kxg6 57. Ke6 Kh7 58. Kf5 Kh6 59. Kf6 Kh7 60. Kg5 Kh8 61. Kxh5 Kg8 62. Kg5 Kh8 63. g4 Kg8 64. h5 Kh8 65. h6 Kg8 66. Kh5 Kh8 67. g5 Kg8 68. g6 Kh8 69. Kg5 Kg8 70. Kf6 Kh8 71. g7+ Kg8 72. h7+ Kxh7 73. Kf7 Kh6 74. g8Q Kh5 75. Qg3 Kh6 76. Qg6# 1-0